000 00921nam a2200277 a 4500
001 000023428
003 DO-SdBNP
005 20251106132009.0
008 101207s1968 sp 000 0 spa d
040 _aDO-SdBNP
_bspa
_cBNPHU
041 1 7 _aspa
_heng
_2Código de idiomas MARC
049 _aBNGR
082 _a657.835
_bY24s
100 1 _aYanovsky, M.
_948274
240 1 0 _aAnatomy of socail accounting systems.
_lEspañol
245 1 0 _aSistemas de contabilidad social /
_cM. Yanovsky ; traducción Julio Viñuela Díaz.
260 _aMadrid :
_bRialp,
_c1968.
300 _a259 p. ;
_c23 cm.
490 4 _aLibros de economía
_v10
504 _aBibliografía : [256]-259 p.
534 _aTítulo original :
_tAnatomy of social accounting systems
650 4 _aRentas públicas
_948275
650 0 _aFinanzas públicas
_xContabilidad
_932168
700 1 _aViñuela Díaz, Julio,
_etr.
_948277
942 _2ddc
_cLBS1
999 _c22925
_d22925